Bill Murray Movies by Picture - Statistics

General Stats
  • This quiz has been taken 31 times
  • The average score is 9 of 12
Answer Stats
Picture Answer % Correct
Ghostbusters
100%
Garfield: The Movie
96%
Groundhog Day
96%
Space Jam
92%
Caddyshack
88%
Scrooged
84%
Zombieland
64%
Fantastic Mr. Fox
60%
Lost in Translation
60%
Stripes
56%
What About Bob?
56%
The Life Aquatic with Steve Zissou
52%
No matching quizzes found
Score Distribution
Percent of People with Each Score
Percentile by Number Answered
Your Score History
You have not taken this quiz